UBT Library

Cardiopulmonary physical therapy / (Record no. 38869)

000 -LEADER
fixed length control field 00752pam a2200241 a 4500
001 - CONTROL NUMBER
control field 3977393
005 - DATE AND TIME OF LATEST TRANSACTION
control field 20171211095948.0
008 - FIXED-LENGTH DATA ELEMENTS--GENERAL INFORMATION
fixed length control field 950111s1995 moua b 001 0 eng c
010 ## - LIBRARY OF CONGRESS CONTROL NUMBER
LC control number 95003210
020 ## - INTERNATIONAL STANDARD BOOK NUMBER
International Standard Book Number 0801679265
040 ## - CATALOGING SOURCE
Original cataloging agency DNLM/DLC
Transcribing agency DLC
Modifying agency DLC
041 ## - LANGUAGE CODE
Language code of text/sound track or separate title eng
060 00 - NATIONAL LIBRARY OF MEDICINE CALL NUMBER
Classification number WG 166 C265 1995
080 ## - UNIVERSAL DECIMAL CLASSIFICATION NUMBER
Universal Decimal Classification number 615.83 IRW
082 00 - DEWEY DECIMAL CLASSIFICATION NUMBER
Classification number 615.83 IRW
Edition number 20
100 ## - Rafti
Rafti 8
101 ## - Shkurtesa
Shkurtesa EGZ
245 00 - TITLE STATEMENT
Title Cardiopulmonary physical therapy /
Statement of responsibility, etc edited by Scot Irwin, Jan Stephen Tecklin.
504 ## - BIBLIOGRAPHY, ETC. NOTE
Bibliography, etc Includes bibliographical references and index.
906 ## - LOCAL DATA ELEMENT F, LDF (RLIN)
a 7
b cbc
c orignew
d 1
e ocip
f 19
g y-gencatlg
942 ## - ADDED ENTRY ELEMENTS (KOHA)
Source of classification or shelving scheme
Item type Books
Holdings
Withdrawn status Lost status Source of classification or shelving scheme Damaged status Not for loan Collection code Permanent location Current location Shelving location Date acquired Total Checkouts Full call number Barcode Date last seen Price effective from Koha item type
          Koleksioni i përgjithshem UBT - Lipjan UBT - Lipjan Koleksioni i përgjithshem 12/11/2017   615.83 IRW 002-2939114 12/11/2017 12/11/2017 Books
UBT Library © 2015-2024. All rights reserved University Education for Business and Technology